Commentary on the Haryana urban control of rent & eviction act, 1973 (Record no. 191273)

MARC details
000 -LEADER
fixed length control field 00403nam a2200145Ia 4500
008 - FIXED-LENGTH DATA ELEMENTS--GENERAL INFORMATION
fixed length control field 230917s9999||||xx |||||||||||||| ||und||
040 ## - CATALOGING SOURCE
-- 77839
Original cataloging agency VIVEKANANDA LIBRARY
041 ## - Language
-- English
082 ## - DDC NUMBER
Classification number 346.0434 S23C
100 ## - MAIN ENTRY--PERSONAL NAME
Personal name Sharma, H K
245 #0 - TITLE STATEMENT
Title Commentary on the Haryana urban control of rent & eviction act, 1973
260 ## - PUBLICATION, DISTRIBUTION, ETC. (IMPRINT)
Place of publication, distribution, etc Chandigarh
Name of publisher, distributor, etc Punjab Law Agency
Date of publication, distribution, etc 1979
300 ## - PHYSICAL DESCRIPTION
Pages ii, 424 p.
942 ## - ADDED ENTRY ELEMENTS (KOHA)
Koha item type Books
Holdings
Withdrawn status Lost status Source of classification or shelving scheme Damaged status Not for loan Location (home branch) Sublocation or collection (holding branch) Date acquired Koha issues (times borrowed) Koha full call number Accession No. Koha date last seen Koha item type
Withdrawn   Dewey Decimal Classification Damaged   VIVEKANANDA LIBRARY VIVEKANANDA LIBRARY 04/03/2003   346.0434 S23C 48581 17/09/2023 Books
          VIVEKANANDA LIBRARY VIVEKANANDA LIBRARY 04/03/2003   346.0434 S23C 63807 17/09/2023 Books
© Designed and Maintained by Vivekananda Library, MDU Rohtak